STN EN 82079-1: 2013 (01 3783), Príprava návodov na používanie. Štruktúra, obsah a prezentácia Časť 1 Všeobecné zásady a podrobné požiadavky
Táto norma je slovenskou verziou európskej normy EN 82079-1: 2012. Preklad zabezpečil Slovenský ústav technickej normalizácie. Má rovnaké postavenie ako majú oficiálne verzie
| Corporate Author: | |
|---|---|
| Other Authors: | , |
| Format: | Book |
| Language: | Slovak English |
| PhysicalDescription: | 64 s. obr., tab. 30 cm |
| Published: |
Bratislava
Slovenský ústav technickej normalizácie
2013
|
| Subjects: |
MARC
| LEADER | 00000cam a2200000 a 4500 | ||
|---|---|---|---|
| 001 | vtls010526274 | ||
| 003 | SK-MaSNL | ||
| 005 | 20260302083150.0 | ||
| 008 | 160430s2013 xo a f u 000 0 slo | ||
| 015 | |a SNBN2013 | ||
| 020 | |c (cen. skup. 8) | ||
| 040 | |a SNK |b slo |c SNK |e AACR2 | ||
| 041 | 1 | |a slo |h eng | |
| 044 | |a xo |c SK | ||
| 046 | |a s |m 201307 (účin.) | ||
| 072 | 7 | |a 744 |x Kresba. Umelecké remeslá |2 konspekt | |
| 080 | |a 744.4 |2 2001 | ||
| 080 | |a 006.7/.8 |2 2001 | ||
| 080 | |a (437.6) |2 2001 | ||
| 080 | |a (4) |2 2001 | ||
| 084 | |a 01.110 |2 ICS | ||
| 084 | |a 29.020 |2 ICS | ||
| 130 | 0 | |a STN 01 3783 (STN EN 82079-1) |9 750771 | |
| 245 | 1 | 0 | |a STN EN 82079-1: 2013 (01 3783), Príprava návodov na používanie. Štruktúra, obsah a prezentácia |n Časť 1 |p Všeobecné zásady a podrobné požiadavky |
| 246 | 1 | 0 | |a Príprava návodov na používanie |
| 246 | 1 | 0 | |a Štruktúra, obsah a prezentácia |
| 246 | 1 | 0 | |a Všeobecné zásady a podrobné požiadavky |
| 246 | 3 | 0 | |a EN 82079-1: 2012 E |
| 260 | |a Bratislava |b Slovenský ústav technickej normalizácie |c 2013 | ||
| 300 | |a 64 s. |b obr., tab. |c 30 cm | ||
| 500 | |a Súbežný názov v angličtine, francúzštine, nemčine | ||
| 500 | |a Spracovateľ: INFOSERVIS Krompachy, Gabriela Čatošová, Marcel Čatloš | ||
| 500 | |a Táto norma nahrádza STN EN 62079 z júna 2003 v celom rozsahu. STN EN 62079 z júna 2003 sa môže súbežne s touto normou používať do 12.9.2015 | ||
| 504 | |a Citované normy, súvisiace právne predpisy s. 2 ; literatúra s. 59 | ||
| 520 | 8 | |a Táto norma je slovenskou verziou európskej normy EN 82079-1: 2012. Preklad zabezpečil Slovenský ústav technickej normalizácie. Má rovnaké postavenie ako majú oficiálne verzie | |
| 540 | |a STN vydané na akomkoľvek nosiči sa môžu rozmnožovať a rozširovať iba so súhlasom určenej právnickej osoby |b SÚTN Bratislava |c zákon 264/1999 Z. z. | ||
| 650 | 0 | 7 | |a technické kreslenie |2 SNKPH |9 3080 |
| 650 | 0 | 7 | |a technické normy a štandardy |z Slovensko |2 SNKPH |9 79594 |
| 650 | 0 | 7 | |a technické normy a štandardy |z krajiny Európskej únie |2 SNKPH |9 289341 |
| 655 | 7 | |a normy |2 SNKPH |9 70643 | |
| 700 | 1 | |a Čatloš, Marcel |4 trl |9 291773 | |
| 700 | 1 | |a Čatlošová, Gabriela |4 trl |9 297358 | |
| 710 | 2 | |a INFOSERVIS (Krompachy, Slovensko) |4 trl |9 297359 | |
| 710 | 2 | |a Slovenský ústav technickej normalizácie |4 stn |9 32706 | |
| 852 | |a Štátna vedecká knižnica v Banskej Bystrici | ||
| 999 | |c 1182829 |d 1184759 | ||
| 952 | |a SNK |b SNK |y PREZ |7 0 |p 17A1074550 |o snkSTN EN 82079-1 |i snk2013/16483 |8 0 |0 0 |1 0 |4 0 |d 2013-07-16 |l 0 |r 2026-02-24 21:44:57 |w 2026-02-24 | ||
| 952 | |a SNK |b SNK |y PREZ |7 0 |p 17A1074549 |o snkSTN EN 82079-1 D1 |i snk2013/16484 |8 0 |0 0 |1 0 |4 0 |d 2013-07-16 |l 0 |r 2026-02-24 21:44:57 |w 2026-02-24 | ||


